Praktické zásady sociální práce s nedobrovolným klientem a jejich podpora v „důkazech
Princípy v sociálnej práci s nedobrovoľnými klientmi podporujú zlepšenie spolupráce medzi klientom a sociálnym pracovníkom a či a ako je funkčnosť identifikovaných princípov podporená terénnymi výskumnými štúdiami. Zlepšenie spolupráce medzi klientom a sociálnym pracovníkom patrí potreba sebareflexi...
Salvato in:
| Autore principale: | |
|---|---|
| Natura: | Capitolo di libro |
| Lingua: | ceco |
| Soggetti: | |
| Tags: |
Nessun Tag, puoi essere il primo ad aggiungerne!!
|
MARC
| LEADER | 00000naa a2200000 4500 | ||
|---|---|---|---|
| 001 | 0307865 | ||
| 005 | 20250327140517.9 | ||
| 041 | 0 | |a cze | |
| 044 | |a CZ | ||
| 245 | 1 | 0 | |a Praktické zásady sociální práce s nedobrovolným klientem a jejich podpora v „důkazech |c Radka Janebová |
| 520 | |a Princípy v sociálnej práci s nedobrovoľnými klientmi podporujú zlepšenie spolupráce medzi klientom a sociálnym pracovníkom a či a ako je funkčnosť identifikovaných princípov podporená terénnymi výskumnými štúdiami. Zlepšenie spolupráce medzi klientom a sociálnym pracovníkom patrí potreba sebareflexie pri práci s nedobrovoľným klientom, bezpečnosť pracovníka, bezpečné prostredie pre klienta a transparentnosť, pochopenie príčin odporu klienta na mikro-, mezo- a makroúrovni, ponuka pomoci, vzťahy založené na empatii, podpora partnerských vzťahov, podpora autonómie klienta a podpora vzťahov klienta s blízkymi osobami, optimizmus a zameranie sa na silné stránky a podpora prosociálneho správania klienta. Zistený výskum dokazuje funkčnosť väčšiny identifikovaných princípov. | ||
| 610 | 2 | 0 | |a práca sociálna |
| 610 | 2 | 0 | |a klienti |
| 610 | 2 | 0 | |a typológia |
| 610 | 2 | 0 | |a správanie sociálne |
| 610 | 2 | 0 | |a výskum aplikovaný |
| 610 | 2 | 0 | |a pracovníci sociálni |
| 100 | 1 | |a Janebová, Radka | |